| 000 | 01420cab a2200241 4500 | ||
|---|---|---|---|
| 001 | ABS47621 | ||
| 008 | 090401t1992 xxu||||| |||| 00| 0 eng d | ||
| 035 | _a(Sirsi) u62676 | ||
| 041 | _aeng | ||
| 245 | _aHillard and another v Gwent CC | ||
| 260 | _c1992 | ||
| 350 | _a0 | ||
| 490 |
_aEstates Gazette _v(1992) 47 EG 113-116(4) |
||
| 520 | _aLT (REF/21/1991) 13 July 1992. Concerns the amount of betterment attached to a bungalow owned by the claimants (H) on the valuation date of September 30 1989, as a result of a new relief road constructed some 34.5m from the south wall of the bungalow. The old road was 7.7m from the north elevation of the bungalow. H sought £2,750 being 5% of the unaffected value. Gwent (G) contended that no compensation was payable because the new road benefitted the property because of the reduction of traffic on the old road. It was "held" that a purchaser would add 2% to reflect betterment and deduct 6% to arrive at a net deduction of 4% of the unaffected value of £55,000 - the sum awarded was £2,250. | ||
| 650 | _aBETTERMENT | ||
| 650 | _aCOMPENSATION | ||
| 650 | _aLAND COMPENSATION ACT 1973 PART I | ||
| 650 | _aPROPERTY-INFRASTRUCTURE-TRANSPORT INFRASTRUCTURE-ROAD INFRASTRUCTURE | ||
| 650 |
_aValuation _96273 |
||
| 690 | _aENVIRONMENTAL AND LAND CONSULTANCY-PLANNING AND DEVELOPMENT-COMPULSORY PURCHASE AND COMPENSATION | ||
| 942 | _n0 | ||
| 948 | _c04/03/1997 | ||
| 999 |
_c38915 _d38915 |
||